000 00633nam a2200217Ia 4500
003 GCL
008 140319s9999 xx 000 0 ara d
040 _aGCL /
_cGCL
082 0 4 _a808.83
_bب د
100 1 _aحسن نديم (مترجم)
245 1 0 _aدماء واضواء /
_cحسن نديم (مترجم)
700 1 _aبيرى، جوزيف
700 1 _aعبدالمنعم درويش
300 _a272 ص
490 _aالجوائز العالمية
_v0
650 0 4 _aالادب
650 0 4 _aالقصص
650 0 4 _aالادب العالمى
650 0 4 _aالادب العالمى المترجم
942 _2ddc
_cBK
999 _c40393
_d40393